Loading...
| Current Events | 1 | 20.00 | 100% | 100% | 0% |
| Fine Arts - Classical Music | 7 | 17.14 | 86% | 86% | 0% |
| Fine Arts - Other Fine Arts | 5 | 20.00 | 100% | 60% | 40% |
| Geography | 2 | 20.00 | 100% | 100% | 0% |
| History - American History | 3 | 13.33 | 100% | 33% | 0% |
| History - European History | 5 | 14.00 | 100% | 40% | 0% |
| History - Other History | 4 | 22.50 | 100% | 75% | 50% |
| History - World History | 3 | 13.33 | 100% | 33% | 0% |
| Literature - American Literature | 7 | 24.29 | 100% | 71% | 71% |
| Literature - British Literature | 4 | 17.50 | 100% | 75% | 0% |
| Literature - European Literature | 7 | 21.43 | 100% | 86% | 29% |
| Literature - World Literature | 3 | 13.33 | 100% | 33% | 0% |
| Mythology | 4 | 17.50 | 100% | 50% | 25% |
| Painting/Sculpture | 4 | 20.00 | 100% | 75% | 25% |
| Philosophy | 3 | 20.00 | 100% | 100% | 0% |
| Pop Culture | 1 | 30.00 | 100% | 100% | 100% |
| Religion | 3 | 16.67 | 100% | 67% | 0% |
| Science - Biology | 3 | 13.33 | 100% | 33% | 0% |
| Science - Chemistry | 8 | 16.25 | 100% | 63% | 0% |
| Science - Other Science | 5 | 16.00 | 100% | 60% | 0% |
| Science - Physics | 5 | 12.00 | 100% | 20% | 0% |
| Social Science | 3 | 10.00 | 67% | 33% | 0% |